01248nas a22002177a 450000500170000000700120001700800410002902200140007004000090008408200150009324500790010826000480018730000160023531000140025136500160026550006430028165000480092465100100097265500140098285600340099620200514134501.0cz aa aaaaa200428c q||poo|||| 00| 0 eng d a2664-7583 coclc a530bJOU/P aInternational Journal of Physics and Applicationshe-Journal (Open Access) bAcademic publicationsa Delhi, India-110085 aPDF(online) aQuarterly eOpen Access aInternational Journal of Physics and Applications is an open access, peer reviewed and refereed international journal. This journal aims to publish original research papers devoted to various areas of Physics and its Applications. The topics included and emphasized are: General Physics, Nonlinear Science, Statistical Physics, Transport Theory, Atomic, Molecular and Cluster Physics, Plasma and Fluid Physics, Condensed Matter, Nanoscience, Astronomy and astrophysics, Chemistry, Earth and atmospheric sciences, Physics, Biophysics and biochemistry, Robotics and Automation, Materials science, Mathematics, Mechanics, Statistics, etc.  0aNatural sciences & mathematicsvPhysics 0aIndia 0ae-Journal uhttp://www.physicsjournal.in/